000
00290nam a22000977a 4500
999
_c
11072
_d
11072
008
180824b ||||| |||| 00| 0 eng d
020
_a
9788189932008
100
_a
Bishnoi, Promila
_9
6851
245
_a
Social Studies
_b
Based on the Latest Syllabus
260
_a
New Delhi
_b
Prachi Publication
_c
2018